Online Catalogue and eLibrary

Janathawage amuthuruwo (Record no. 6048)

MARC details
000 -LEADER
fixed length control field 00339nam a22001457a 4500
005 - DATE AND TIME OF LATEST TRANSACTION
control field 20250516025920.0
008 - FIXED-LENGTH DATA ELEMENTS--GENERAL INFORMATION
fixed length control field 250516b |||||||| |||| 00| 0 eng d
082 ## - DDC Classification
DDC Edition Number 22
Class No. 294
Item Number - Author Mark JEN
100 ## - MAIN ENTRY--PERSONAL NAME
Personal name Anamuthasi, p.w
245 ## - TITLE STATEMENT
Title Janathawage amuthuruwo
260 ## - PUBLICATION, DISTRIBUTION, ETC.
Name of publisher, distributor, etc. Author
300 ## - PHYSICAL DESCRIPTION
Extent (e.g. Volumes, Pages etc.) 53 p .,
500 ## - GENERAL NOTE
General note Its about Peoples Monk
942 ## - Koha item type (Biblio)
Koha item type Books in Stacks (Lending)
Holdings
Lost status Damaged status Collection code Home library Current library Date acquired Full call number Accession Number Item type
    Lending WERC Library WERC Library 05/16/2025 294 JEN 2501 Books in Stacks (Lending)

© WERC Library